000 00385nam a2200157Ia 4500
003 Ost
005 20260225132555.0
008 260225s9999||||xx |||||||||||||| ||und||
040 _cfsic
041 _afre
082 _a440
100 _aPaul Soriano
_eAuteur
245 0 _aLire écrire parler penser dans la société de l'information /
245 0 _cPaul Soriano
942 _cكتاب
999 _c34427
_d34427